000 00285nam a22001337a 4500
008 170324b xxu||||| |||| 00| 0 eng d
020 _a9781568981451
041 _aeng
080 _a615.82
100 _a8
101 _aSHM
245 _aDESIGN FOR SPORTS
_cBUSCH, A
942 _2udc
_cBK
999 _c8584
_d8584